Ngôn ngữ

Zapisane w:
Opis bibliograficzny
Format: Książka
Język:Undetermined
Wydane: Hà Nội Viện Khoa học xã hội Việt Nam. Viện Ngôn ngữ học 2019
Hasła przedmiotowe:
Etykiety: Dodaj etykietę
Nie ma etykietki, Dołącz pierwszą etykiete!
Thư viện lưu trữ: Trung tâm Học liệu Trường Đại học Cần Thơ
LEADER 00600nam a2200181Ia 4500
001 CTU_234128
008 210402s9999 xx 000 0 und d
020 |c 35000 
082 |a 400 
082 |b Ng454 
245 0 |a Ngôn ngữ 
245 0 |c Viện Khoa học Xã hội Việt Nam. Viện Ngôn ngữ học 
260 |a Hà Nội 
260 |b Viện Khoa học xã hội Việt Nam. Viện Ngôn ngữ học 
260 |c 2019 
650 |a Language and languages,Ngôn ngữ học 
904 |i T.Trang 
980 |a Trung tâm Học liệu Trường Đại học Cần Thơ